Ισλαμοχριστιανικός πολιτισμός : μία πρόταση
Αποθηκεύτηκε σε:
| Κύριος συγγραφέας: | |
|---|---|
| Άλλοι συγγραφείς: | , |
| Μορφή: | Βιβλίο |
| Γλώσσα: | Greek English |
| Δημοσίευση: |
[Αθήνα] :
Εικοστός Πρώτος,
2006.
|
| Θέματα: | |
| Ετικέτες: |
Προσθήκη ετικέτας
Δεν υπάρχουν, Καταχωρήστε ετικέτα πρώτοι!
|
MARC
| LEADER | 00000cam a2200000 i 4500 | ||
|---|---|---|---|
| 001 | 1/97055 | ||
| 008 | 081111s2006 gr | ||| |||| ||gre|| | ||
| 020 | |a 9789608219465 | ||
| 035 | |l 10101570 | ||
| 040 | |a GR-MyUA |b gre |e AACR2 | ||
| 041 | 1 | |a gre |h eng | |
| 082 | 7 | |a 303.482 |2 (22) | |
| 100 | 1 | |a Bulliet, Richard W. | |
| 245 | 1 | 0 | |a Ισλαμοχριστιανικός πολιτισμός : |b μία πρόταση / |c Richard W. Bulliet ; μετάφραση Φώτης Τερζάκης ; επιμέλεια Νίκος Κούρκουλος. |
| 260 | |a [Αθήνα] : |b Εικοστός Πρώτος, |c 2006. | ||
| 300 | |a 250 σ. : |b σχέδια ; |c 21 εκ. | ||
| 500 | |a Τίτλος πρωτοτύπου: The case for Islamo-Christian civilization. | ||
| 504 | |a Περιέχει βιβλιογραφικές παραπομπές και ευρετήριο. | ||
| 650 | 0 | |a Christian civilization. | |
| 650 | 0 | |a Islamic civilization. | |
| 650 | 0 | |a Islam |y 21st century. | |
| 700 | 1 | |a Τερζάκης, Φώτης, |d 1959- |e trl | |
| 700 | 1 | |a Κούρκουλος, Νίκος, |e edt | |
| 852 | |a INST |b LESVOS |e 20081111 |h 303.482 BUL |p 005100043457 |q 005100043457 |t BK |y 0 | ||
| 852 | |a INST |b LESVOS |e 20081111 |h 303.482 BUL |p 005100043458 |q 005100043458 |t BK |y 0 | ||
| 852 | |a INST |b LESVOS |e 20090428 |h 303.482 BUL |p 005100044901 |q 005100044901 |t BK |y 0 | ||
| 852 | |a INST |b LESVOS |e 20110616 |h 303.482 BUL |p 005100048873 |q 005100048873 |t BK |y 0 | ||
| 852 | |a INST |b LESVOS |e 20110310 |h 303.482 BUL |p 005100049389 |q 005100049389 |t BK |y 0 | ||
| 852 | |a INST |b LESVOS |e 20110310 |h 303.482 BUL |p 005100049390 |q 005100049390 |t BK |y 0 | ||
| 852 | |a INST |b LESVOS |e 20110310 |h 303.482 BUL |p 005100049391 |q 005100049391 |t BK |y 0 | ||
| 852 | |a INST |b LESVOS |e 20110310 |h 303.482 BUL |p 005100049392 |q 005100049392 |t BK |y 0 | ||
| 901 | |a BIBL1-2008-3 | ||
| 901 | |a BIBL1-2009-1 | ||
| 901 | |a BIBL1-2011-1 | ||
| 920 | |a ΦΟΙΤΗΤΙΚΗ ΜΕΡΙΜΝΑ |y Λέσβος |z 2008-11 | ||
| 920 | |a ΦΟΙΤΗΤΙΚΗ ΜΕΡΙΜΝΑ |y Λέσβος |z 2008-05 | ||
| 920 | |a ΦΟΙΤΗΤΙΚΗ ΜΕΡΙΜΝΑ |y Λέσβος |z 2011-01 | ||
| 920 | |a ΕΥΔΟΞΟΣ |y Λέσβος |z 2011-01 | ||
| 970 | |a ΚΑΡΑ |b ΓΙΑΣΕΜΗ |z 2008/11/11 | ||